01159nac a22002891i 4500003000900000005001700009008004100026020001800067020001500085040004300100082001900143100004300162245018200205264006300387264001000450300006300460336002600523337002800549338002700577500002000604650002000624655001700644700003600661942001200697999001500709952014500724EG-ScBUE20240923094617.0240923t2004 njua f 001 0 eng d a9780131411166 a0131411160 aEG-ScBUEbengerdacEG-ScBUEdEG-ScBUE04a512.9bANG2221 aAngel, Allen R., eauthor.10aElementary and intermediate algebra for college students /cAllen R. Angel, Monroe Community College ; with assistance from Richard Semmler, Northern Virginia Community College. 1aUpper Saddle River, N.J. :bPearson Prentice Hall,c[2004] 4cc2004 a1 volume (various pagings) :bcolor illustrations ;c26 cm 2rdacontentatextbtxt aunmediated2rdamediabn avolumebnc2rdacarrier aIncludes index. 7aAlgebra.2BUEsh vReading book1 aSemmler, Richard,econtributer. cBB2ddc c1359d1359 00102ddc40708BaccahaMAINbMAINc1STd2006-09-04ePurchaseg281.00l0o512.9 ANGp000003100r2025-07-15 00:00:00v351.25w2006-09-04yBB